000
00263nam a22001097a 4500
008
240708b |||||||| |||| 00| 0 eng d
100
_a
Sharma, Vindhmohan
_9
16661
245
_a
Naye Nibandh
260
_a
Agra;
_b
Kailash Pub;
_c
1965.
300
_a
328p.
942
_c
BK
999
_c
40460
_d
40460